Hija de la fortuna

Guardat en:
Dades bibliogràfiques
Autor principal: Allende, Isabel, 1942- (autora)
Format: Llibre
Idioma:espanyol
Publicat: Buenos Aires Sudamericana 2008
Edició:6a. ed
Col·lecció:Contemporánea
Matèries:
Etiquetes: Afegir etiqueta
Sense etiquetes, Sigues el primer a etiquetar aquest registre!

MARC

LEADER 00000nam a2200000 a 4500
001 UCH1167
003 CL-VaPUC
008 090409e20080000AG |||||||||||||||||spa|d
020 |a 9871138830 
082 0 4 |a Ch863  |b ALL  |2 21 
100 |a Allende, Isabel,  |d 1942-  |e autora  |9 318389 
245 1 0 |a Hija de la fortuna 
250 |a 6a. ed 
300 |a 438 p 
942 |c BK 
945 |d 20090409 00:00:00  |a cmena 
260 |a Buenos Aires  |b Sudamericana  |c 2008 
500 |a Eliza Sommers es una joven chilena que vive en Valparaíso en 1849, el año en que se descubre oro en California. Su amante, Joaquín Andieta, parte hacia el norte dispuesto a encontrar fortuna, y ella decide seguirlo. El viaje infernal, escondida en la cala de un velero, y la búsqueda de su amante en una tierra de hombres solos y prostitutas atraídos por la fiebre del oro, transforman a la joven inocente en una mujer fuera de lo común. Eliza recibe ayuda y afecto de Tao Chi'en, un médico chino, quien la conducirá en un itinerario memorable por los misterios y contradicciones de la condición humana. 
500 |a Hija de la fortuna es un retrato palpitante de una época marcada por la violencia y la codicia, en la cual los protagonistas rescatan el amor, la amistad, la compasión y el valor. En esta su más ambiciosa novela, Isabel Allende presenta un universo fascinante, poblado de entrañables persoanjes que se quedan para siempre en la memoria y el corazón de los lectores. 
650 0 |a Novelas chilenas   |9 265425 
650 0 |a Literatura chilena   |9 308278 
583 |a last modification  |c 20090409 00:00:00  |k Rodrigo Vera 
490 0 |a Contemporánea 
999 |c 333240  |d 333238 
952 |0 0  |1 0  |4 0  |6 CH_863_000000000000000_ALL_2008  |7 0  |8 A  |9 421463  |a BIBEDU  |b BIBEDU  |c ES_NOD  |d 2019-11-22  |i 4523814  |l 2  |o Ch863 ALL 2008  |p 4523814  |r 2023-08-09  |s 2023-05-05  |w 2019-11-22  |y BK  |k LIT 
952 |0 0  |1 0  |4 0  |6 CH_863_000000000000000_ALL_2008  |7 0  |8 A  |9 421464  |a BIBEDU  |b BIBEDU  |c ES_NOD  |d 2019-11-22  |i 4523822  |l 2  |o Ch863 ALL 2008  |p 4523822  |r 2024-03-15  |s 2024-03-07  |w 2019-11-22  |y BK  |k LIT